Elenca la formazione - Quiz n°110 - Statistics

Statistiche generali
  • Questo quiz è stato fatto 61 volte
  • Il punteggio medio è 8 su 11
Statistiche sulle risposte
Ruolo Nazione Calciatore % Corretto
Attaccante Uruguay Edinson Cavani
100%
Centrocampista Slovacchia Marek Hamšík
98%
Trequartista Macedonia del Nord Goran Pandev
88%
Portiere Italia Morgan De Sanctis
81%
entrocampista Italia Christian Maggio
69%
Centrocampista Svizzera Gökhan Inler
67%
Difensore Italia Paolo Cannavaro
67%
Difensore Argentina Hugo Campagnaro
63%
Centrocampista Colombia Juan Camilo Zúñiga
62%
Centrocampista Svizzera Valon Behrami
54%
Difensore Uruguay Miguel Britos
21%
Nessun quiz corrispondente trovato
Distribuzione punteggi
Percentuale di utenti per punteggio
Percentile per numero di risposta
I tuoi punteggi nel tempo
Non hai fatto questo quiz